| 000 | 00696cam a2200253 4500 | ||
|---|---|---|---|
| 001 | J2020 | ||
| 008 | 090401t1992 xxu||||| |||| 00| 0 eng d | ||
| 035 | _a(Sirsi) u46784 | ||
| 041 | _aeng | ||
| 050 | _a692.9 | ||
| 090 | _aJCT 1992/7A | ||
| 110 |
_aJoint Contracts Tribunal _93664 |
||
| 245 | _aDomestic Sub-Contract DOM/2: amendment 7 - issued November 1992: miscellaneous amendments. | ||
| 260 |
_aLondon _bRIBA Publications Ltd _c1992 |
||
| 300 | _a1 sheet ; 30cm. | ||
| 350 | _a0 | ||
| 650 | _aDOM/2 | ||
| 650 | _aDOMESTIC SUB-CONTRACTS | ||
| 650 | _aJCT | ||
| 650 | _aSUBCONTRACTS | ||
| 690 | _aBUILT ENVIRONMENT-BUILDING CONTRACT FORMS | ||
| 942 | _n0 | ||
| 948 | _c04/03/1997 | ||
| 999 |
_c92002 _d92002 |
||